Statistiche per Riconosci lo Stadio - Europa - Quiz n°1

Clicka qui per fare il quiz!

Statistiche generali

  • Questo quiz è stato fatto 67 volte
  • Il punteggio medio è 3 su 10

Statistiche sulle risposte

Risposta% Corretto
Stadio Artemio Franchi - Firenze
81%
Emirates Stadium - Londra
67%
Goodison Park - Liverpool
49%
Olympiastadion - Berlino
47%
Stadio Benito Villamarín - Siviglia
35%
Parc Olympique Lyonnais - Lione
19%
Mercedes-Benz Arena - Stoccarda
14%
Millenium Stadium - Cardiff
12%
Arena nazionale Toše Proeski - Skopje
4%
Eden Aréna - Praga
4%

Distribuzione punteggi

Percentile per numero di risposta

Percentuale di utenti per punteggio

I tuoi punteggi nel tempo

Non hai fatto questo quiz